| 000 | 00783nam a2200229Ia 4500 | ||
|---|---|---|---|
| 005 | 20260430150740.0 | ||
| 008 | 008 250103s9999 xx 000 0 hin d | ||
| 037 | _aTheses | ||
| 040 | _aCRL | ||
| 040 | _bhin | ||
| 040 | _chin | ||
| 041 | _2hin | ||
| 041 | _ahin | ||
| 084 | _qCRL | ||
| 100 |
_aमिश्रा, कुमारी प्रीति, ले. _9865616 |
||
| 245 | 0 | _aत्रिलोचन का काव्य: कृषक भावभूमि और अवधी संस्कृति के निकष पर | |
| 260 | _c2021 | ||
| 300 | _a261पृ0 | ||
| 700 | _aदिल्ली विश्वविद्यालय. कला संकाय. हिन्दी विभाग | ||
| 942 | _cTH | ||
| 999 |
_c1850588 _d1850588 |
||